书目信息 |
| 题名: |
分数阶偏微分方程的动力学
|
|
| 作者: | 黄建华 , 辛杰 , 沈天龙 著 | |
| 分册: | ||
| 出版信息: | 北京 科学出版社 2017.3 |
|
| 页数: | 465页 | |
| 开本: | 24cm | |
| 丛书名: | ||
| 单 册: | ||
| 中图分类: | O175.2 | |
| 科图分类: | ||
| 主题词: | 偏微分方程--研究 | |
| 电子资源: | ||
| ISBN: | 978-7-03-051794-4 | |
| 000 | 01117nam0 2200265 450 | |
| 001 | 0400004937 | |
| 005 | 20171025144435.0 | |
| 010 | @a978-7-03-051794-4@dCNY168.00 | |
| 100 | @a20170524d2017 em y0chiy50 ea | |
| 101 | 0 | @achi |
| 102 | @aCN@b110000 | |
| 105 | @ay az 000yy | |
| 106 | @ar | |
| 200 | 1 | @a分数阶偏微分方程的动力学@9fen shu jie pian wei fen fang cheng de dong li xue@f黄建华,辛杰,沈天龙著 |
| 210 | @a北京@c科学出版社@d2017.3 | |
| 215 | @a465页@d24cm | |
| 320 | @a有书目 | |
| 330 | @a本书研究了分数阶长短波方程、分数阶非线性Schrodinger方程、分数阶Boussinesq方程、分数阶MHD方程、分数阶耦合Ginzburg-Landau方程以及分数次噪声驱动的非牛顿流系统的适定性和吸引子等动力学性质,讨论了Levy噪声、α-平稳噪声和退化噪声驱动的几类流体发展方程的鞅解、大偏差原理和遍历性等统计特征,系统地总结了作者在分数阶偏微分方程特别是随机分数阶偏微分方程的动力学方面的研究成果。 | |
| 606 | 0 | @a偏微分方程@x研究 |
| 690 | @aO175.2@v5 | |
| 701 | 0 | @a黄建华@9huang jian hua@4著 |
| 701 | 0 | @a辛杰@9xin jie@4著 |
| 701 | 0 | @a沈天龙@9shen tian long@4著 |
| 801 | 0 | @aCN@b91MARC@c20171025 |
| 905 | @b1039973-6@dO175.2@f4@e146 | |
| 分数阶偏微分方程的动力学/黄建华,辛杰,沈天龙著.-北京:科学出版社,2017.3 |
| 465页;24cm |
| ISBN 978-7-03-051794-4:CNY168.00 |
| 本书研究了分数阶长短波方程、分数阶非线性Schrodinger方程、分数阶Boussinesq方程、分数阶MHD方程、分数阶耦合Ginzburg-Landau方程以及分数次噪声驱动的非牛顿流系统的适定性和吸引子等动力学性质,讨论了Levy噪声、α-平稳噪声和退化噪声驱动的几类流体发展方程的鞅解、大偏差原理和遍历性等统计特征,系统地总结了作者在分数阶偏微分方程特别是随机分数阶偏微分方程的动力学方面的研究成果。 |
| ● |
| 相关链接 |
|
|
|
|
正题名:分数阶偏微分方程的动力学
索取号:O175.2/146
 
预约/预借
| 序号 | 登录号 | 条形码 | 馆藏地/架位号 | 状态 | 备注 |
| 1 | 1039973 | 210399736 | 第二样本阅览室/ [索取号:O175.2/146] | 在馆 | |
| 2 | 1039974 | 210399745 | 数信系资料室/ [索取号:O175.2/146] | 在馆 | |
| 3 | 1039975 | 210399754 | 第三借阅区/ [索取号:O175.2/146] | 在馆 | |
| 4 | 1039976 | 210399763 | 第三借阅区/ [索取号:O175.2/146] | 在馆 |